000 01093nam a2200253Ia 4500
003 Ost
005 20260507075356.0
008 260507s9999||||xx |||||||||||||| ||und||
020 _a26143299579
040 _cfsecg
041 _aara
082 _a330
100 _aزيني، عبد الحسين
_eمؤلف
245 0 _aمبادئ الإحصاء الإقتصادي /
_c عبد الحسين زيني
250 _aطبعة 3
260 _aعمان:
_bدار ومكتبة الحامد للنشر والتوزيع,
_c2012
300 _a323 صفحة؛
_bإيضاحات ؛
_c25 سم
504 _aالمراجع ص.315
520 _aالإحصاء الإقتصادي تطوره على المستوى الدولي- الإحصاء السكاني- الإحصاء الصناعي- الإحصاء الزراعي- الإحصاء التجاري- الدخل القومي والحسابات القومية
653 _aالإحصاء - المعاملات الإرتباطية
653 _aالإحصاء الإقتصادي
653 _aالإقتصاد الرياضي
942 _cكتاب
999 _c44220
_d44220